000 00515nam a22001937a 4500
003 OSt
005 20140310183005.0
008 130209t xxu||||| |||| 00| 0 eng d
020 _a9718555188
050 _aT 11
_b.V632 2000
100 _aVicente, Corazon.
245 _aSpeaking, reading and writing for the technical man /
_cCorazon Vicente.
260 _aManila :
_bUni-Ed,
_c2000.
300 _a282 p. :
_c22 cm.
521 _aMC
650 _aTechnical writing.
942 _2lcc
_cBK
_kLOC
999 _c18170
_d18170